Anteproyecto de informe de la Asociación de la Banca Española del Centro de España, que se sometió a los señores socios (Record no. 24113)

MARC details
000 -LEADER
campo de control de longitud fija 00565nam a2200157 i 4500
001 - NÚMERO DE CONTROL
campo de control 24113
003 - IDENTIFICADOR DE NÚMERO DE CONTROL
campo de control ES-MaACL
005 - FECHA Y HORA DE LA ÚLTIMA TRANSACCIÓN
campo de control 20230906153007.0
007 - CAMPO FIJO DE DESCRIPCIÓN FÍSICA--INFORMACIÓN GENERAL
campo de control de longitud fija t|
008 - DATOS DE LONGITUD FIJA--INFORMACIÓN GENERAL
campo de control de longitud fija 021216s1926 sp ||||1| spa d
245 00 - MENCIÓN DEL TÍTULO
Título Anteproyecto de informe de la Asociación de la Banca Española del Centro de España, que se sometió a los señores socios
Resto del título : octubre 1926.
260 ## - PUBLICACIÓN, DISTRIBUCIÓN, ETC.
Lugar de publicación, distribución, etc. Madrid :
Nombre del editor, distribuidor, etc. [s.n.,
Fecha de publicación, distribución, etc. 1926] (
Fabricante Tip. Ernesto Catalá)
300 ## - DESCRIPCIÓN FÍSICA
Extensión 60 p. ;
Dimensiones 22 cm.
710 2# - ENTRADA AGREGADA--NOMBRE DE ENTIDAD CORPORATIVA
Nombre de entidad corporativa o nombre de jurisdicción como elemento de entrada Asociación de la Banca Española del Centro de España.
9 (RLIN) 1605
852 ## - LOCALIZACIÓN
Ubicación ES-MaACL
Número de control de estantería 1633-F-17
Holdings
Estatus retirado Estado de pérdida Estado de daño No para préstamo Colección Biblioteca de origen Biblioteca actual Ubicación en estantería Fecha de adquisición Fuente de adquisición Total de préstamos Signatura topográfica completa Código de barras Visto por última vez Precio de reemplazo Tipo de ítem Koha
        Colección de folletos Biblioteca del Ateneo de Madrid Biblioteca del Ateneo de Madrid Depósito folletos 17/01/2008     1633-F-17 1024856 23/02/2023 23/02/2023 Folleto